Sports Quiz

Random Sports or World Quiz

Multiple world champions f1 Quiz Stats

 Plays Quiz not verified by Sporcle

Support Sporcle.
Go Orange.
Score 0/16 Timer 10:00
0 Plays Today
Number of Titles Driver % Correct
7Michael Schumacher
99%
4Alain Prost
98%
3Lewis Hamilton
98%
3Ayrton Senna
96.1%
4Sebastian Vettel
95.1%
2Fernando Alonso
95.1%
5Juan Manuel Fangio
94.1%
3Niki Lauda
93.1%
Number of Titles Driver % Correct
2Mika Hakkinen
90.2%
2Graham Hill
89.2%
3Jackie Stewart
87.3%
3Nelson Piquet
87.3%
3Jack Brabham
82.4%
2Emerson Fittipaldi
82.4%
2Alberto Ascari
78.4%
2Jim Clark
72.5%

You're not logged in!

Compare scores with friends on all Sporcle quizzes.
OR
Log In

From the Vault

Smash Bros. Characters by Moves

by KCRoyalsFTW

Everyone is special, some are just more special than others.
Remove Ads.
Support Sporcle.
Get the best of Sporcle when you Go Orange. This ad-free experience offers more features, more stats, and more fun while also helping to support Sporcle. Thank you for becoming a member.

Show Comments

Extras

Top Quizzes Today


Score Distribution

Your Account Isn't Verified!

In order to create a playlist on Sporcle, you need to verify the email address you used during registration. Go to your Sporcle Settings to finish the process.

Report this User

Report this user for behavior that violates our Community Guidelines.

Details: